书目信息 |
| 题名: |
英语冠词系统习得研究
|
|
| 作者: | 周保国 著 | |
| 分册: | ||
| 出版信息: | 武汉 武汉大学出版社 2008.04 |
|
| 页数: | 204页 | |
| 开本: | 25cm | |
| 丛书名: | 语言学系列丛书 | |
| 单 册: | ||
| 中图分类: | H314.2 | |
| 科图分类: | ||
| 主题词: | 英语--ying yu--冠词--研究 | |
| 电子资源: | ||
| ISBN: | 978-7-307-06166-8 | |
| 000 | 00964nam 2200265 450 | |
| 001 | 012008568352 | |
| 005 | 20080808143726.32 | |
| 010 | @a978-7-307-06166-8@dCNY26.00 | |
| 100 | @a20080808d2008 em y0chiy0120 ea | |
| 101 | 0 | @achi@aeng |
| 102 | @aCN@b420000 | |
| 105 | @ay a 000yy | |
| 106 | @ar | |
| 200 | 1 | @a英语冠词系统习得研究@Aying yu guan ci xi tong xi de yan jiu@f周保国著@Fzhou bao guo zhu |
| 210 | @a武汉@c武汉大学出版社@d2008.04 | |
| 215 | @a204页@d25cm | |
| 225 | 2 | @a语言学系列丛书@Ayu yan xue xi lie cong shu |
| 320 | @a有书目 (第197-204页) | |
| 330 | @a本书系统介绍了国内外现有的英语冠词系统习得研究,内容涉及英语冠词的特征以及形式与功能之间的关系,第一语言英语冠词系统习得,第二语言英语冠词系统和中国学生英语冠词系统习得。 | |
| 410 | 0 | @12001 @a语言学系列丛书 |
| 606 | 0 | @a英语@Aying yu@x冠词@x研究 |
| 690 | @aH314.2@v4 | |
| 701 | 0 | @a周保国@Azhou bao guo@4著 |
| 801 | 0 | @aCN@bQSSK@c20080808 |
| 905 | @b732682-84@dH314.2@eZ751@f3 | |
| 英语冠词系统习得研究/周保国著.-武汉:武汉大学出版社,2008.04 |
| 204页;25cm.-(语言学系列丛书) |
| ISBN 978-7-307-06166-8:CNY26.00 |
| 本书系统介绍了国内外现有的英语冠词系统习得研究,内容涉及英语冠词的特征以及形式与功能之间的关系,第一语言英语冠词系统习得,第二语言英语冠词系统和中国学生英语冠词系统习得。 |
| ● |
| 相关链接 |
|
|
|
正题名:英语冠词系统习得研究
索取号:H314.2/Z751
 
预约/预借
| 序号 | 登录号 | 条形码 | 馆藏地/架位号 | 状态 | 备注 |
| 1 | 732682 | 207326829 | 语言库209/209语言库 36排2列2层/ [索取号:H314.2/Z751] | 在馆 | |
| 2 | 732683 | 207326838 | 语言库209/209语言库 36排2列2层/ [索取号:H314.2/Z751] | 在馆 | |
| 3 | 732684 | 207326847 | 语言库209/209语言库 36排2列2层/ [索取号:H314.2/Z751] | 在馆 |